=LDR 00000nam 2200000 4500 =001 NUTBA000000000006194 =005 20141125090216.0 =006 =007 =008 =020 ##$$a 979-9409-72 1 =035 ##$$a 0010-111400000000673 =040 ##$$a NBPDMAT =082 ##$$a 372.35 =090 ##$$a 372.35 $b Ani s =100 ##$$a Anisah =245 ##$$a Sains sukses 2 / $c Anisah =260 ##$$a Surabaya : $b Pustaka Anging Mamiri, $c 2007 =300 ##$$a vi, 28 hlm. : $b ilus. ; $c 24 cm. =650 ##$$a Sains SD